000 00449nab a2200145Ia 4500
003 ES-SlBCS
005 20210601125249.0
008 140529s1986 xxu||||| |||| 00| 0 eng d
041 _aeng
100 1 _aSheets-Johnstone, Maxine
_9132954
245 0 0 _aOn the Conceptual Origin of Death
_c Maxine Sheets-Johnstone
650 0 4 _aMuerte
_986712
773 0 _tPhilosophy and Phenomenological Research
_gvol. 47, 1986, págs. 31-58
_wRev1411
942 _cAR
999 _c527484
_d527484